NRM 1 (Record no. 109518)

MARC details
000 -LEADER
fixed length control field 01481cad a22002295a 4500
001 - CONTROL NUMBER
control field L147322
008 - FIXED-LENGTH DATA ELEMENTS--GENERAL INFORMATION
fixed length control field 090429e20090211xxk f 001 0 eng d
035 ## - SYSTEM CONTROL NUMBER
System control number (Sirsi) u147322
041 0# - LANGUAGE CODE
Language code of text/sound track or separate title eng
110 2# - MAIN ENTRY--CORPORATE NAME
Corporate name or jurisdiction name as entry element Royal Institution of Chartered Surveyors
9 (RLIN) 4900
245 00 - TITLE STATEMENT
Title NRM 1
Remainder of title RICS New rules of measurement
-- order of cost estimating and elemental cost planning
Medium [electronic resource]
260 ## - PUBLICATION, DISTRIBUTION, ETC.
Date of publication, distribution, etc. 2009
490 #0 - SERIES STATEMENT
Series statement RICS Guidance Note
520 ## - SUMMARY, ETC.
Summary, etc. Announces the launch of RICS New Rules of Measurement volume one. This new tool allows those involved in a construction project to have a standard set of rules. These rules are primarily for the UK but can be applicable worldwide. Volume one "Order of Cost Estimating and Elemental Cost Planning" provides quantification guidelines to help prepare costs estimates and costs plans and gives guidance on costs associated with construction such as preliminaries, overheads and profit, project team and design team fees, risk allowances, inflation, and other development and project costs. Members can download the Volume.
590 ## - LOCAL NOTE (RLIN)
Local note KA
650 24 - SUBJECT ADDED ENTRY--TOPICAL TERM
Topical term or geographic name entry element RICS NEW RULES OF MEASUREMENT
650 24 - SUBJECT ADDED ENTRY--TOPICAL TERM
Topical term or geographic name entry element NEW RULES OF MEASUREMENT 1
651 #4 - SUBJECT ADDED ENTRY--GEOGRAPHIC NAME
Geographic name International
690 ## - LOCAL SUBJECT ADDED ENTRY--TOPICAL TERM (OCLC, RLIN)
Topical term or geographic name as entry element BUILT ENVIRONMENT-QUANTITY SURVEYING-CONSTRUCTION COST ESTIMATING
856 41 - ELECTRONIC LOCATION AND ACCESS
Uniform Resource Identifier <a href="https://www.rics.org/Global/Downloads/NRMOrderCostEstimatElementalCostPlanning_Feb09_1_.pdf">https://www.rics.org/Global/Downloads/NRMOrderCostEstimatElementalCostPlanning_Feb09_1_.pdf</a>
Public note View the item free of charge (members-only) content at www.rics.org
942 ## - ADDED ENTRY ELEMENTS (KOHA)
Suppress in OPAC 0
Holdings
Withdrawn status Lost status Source of classification or shelving scheme Damaged status Not for loan Home library Current library Shelving location Date acquired Total Checkouts Full call number Barcode Date last seen Copy number Price effective from Koha item type
    Dewey Decimal Classification     Virtual Virtual Online 29/04/2009   ONLINE PUBLICATION 147322-2001 06/08/2019 1 06/08/2019 Journal article